000 01969nam a2200529 i 4500
001 15158
003 KOSZ 005
005 20200622120553.0
008 200402s1972 pl f 000 0 pol
015 _aUWD 1973/8447
035 _a991034290829705066
035 _a(PL-WaBN)b19172953-48omnis_nlop
035 _ab19172953
035 _a(OCoLC)838847194
035 _a(PL)b0000001917295
035 _a(EXLNZ-48OMNIS_NETWORK)9910049629505606
040 _aWA N
_cWA N
_dKOSZ 005/RW
046 _k1972
080 _a378.091.3
080 _a378.22
080 _a621.3
080 _a66/69
100 1 _aŻarnecki, Tadeusz
_eAutor
245 1 0 _aProwadzenie prac dyplomowych dla specjalności: elektrotechnika przemysłowa na studiach wieczorowych /
_cTadeusz Żarnecki ; Ośrodek Metodyczny Wyższych Studiów Technicznych dla Pracujących.
246 3 _aProwadzenie prac dyplomowych dla specjalności: elektrotechnika przemysłowa na studiach wieczorowych
260 _aGliwice :
_bOśrodek Metodyczny Wyższych Studiów Technicznych dla Pracujących,
_c1972.
300 _a20 stron ;
_c24 cm.
336 _aTekst
_btxt
_2rdacontent
337 _aBez urządzenia pośredniczącego
_bn
_2rdamedia
338 _aWolumin
_bnc
_2rdacarrier
380 _aKsiążki
388 _a1901-2000
388 _a1945-1989
650 7 _aMetody
650 7 _aPrzemysł elektrotechniczny
_2DBN
650 7 _aSzkoły wyższe
650 7 _aNauczanie
650 7 _aPraca dyplomowa
_2DBN
655 7 _aOpracowanie
658 _aEdukacja i pedagogika
658 _aNauka i badania
658 _aInżynieria i technika
710 2 _aMiędzyuczelniany Ośrodek Metodyczny Wyższych Studiów Technicznych dla Pracujących (Gliwice)
_4pbl
856 _uhttp://koha.tu.koszalin.pl/cgi-bin/koha/opac-detail.pl?biblionumber=15158
_yKatalog online BPK
942 _2UKD
_cKS
999 _c15158
_d15158